| 000 | 01039nam a2200301Ia 4500 | ||
|---|---|---|---|
| 001 | Para_9585 | ||
| 003 | CHAP | ||
| 008 | 220125s2009 xx 000 0 und d | ||
| 010 | _a208259 | ||
| 040 | _cCHAP | ||
| 090 | _aTESIS 2246 | ||
| 100 |
_aHernández Baltazar, Ivan Antonio _953833 |
||
| 245 |
_aEvaluación de fungicidas y de un micopatógeno para el combate de la roya del gladiolo en Zacualpan Estado de México / _c por Ivan Antonio Hernández Baltazar |
||
| 260 |
_aChapingo, Méx. : _b el autor |
||
| 300 | _a85 h. | ||
| 502 | _aTesis (M.C. en Protección Vegetal) UACh. Departamento Parasitología Agrícola | ||
| 650 |
_aFungicidas _x análisis _944045 |
||
| 650 |
_aGladiolas _x enfermedades por hongos _9135896 |
||
| 650 |
_aRoya del gladiolo _9174584 |
||
| 710 |
_aUACh. Departamento Parasitología Agrícola _9164025 |
||
| 901 | _aTESIS 2246 | ||
| 902 | _aM | ||
| 905 | _a0000002009 a 0000000000 00 | ||
| 910 | _a2009 | ||
| 942 | _cPARA | ||
| 942 |
_cPARA _d2 |
||
| 999 |
_c208259 _d208259 |
||